00876pam a2200217 a 450000500170000002000320001704000330004908200140008210000270009624500810012325000130020426000300021730000340024750400320028152002290031354600090054265000200055165000310057165000350060270000210063720250925071831.0 a9780073336954cTZS 10,000/= aMCCLbengeAACR 2nd rev. ed.00a338.5 McC1 aMacconnel, Campbell R.10aMicroeconomics /cMacconnel, Campbell R.bPrinciples, Problems, and Policies a17th ed. aLondonbMcGraw-Hillc2008 axxvii, 482 p. :bill;c25 cm. aIncludes index and Glossary aProvides a coverage of intermediate microeconomics, aiming to ensure effective understanding of the essential principles. This text is intended for undergraduates in economics, business studies, management and social science aeng. 0aMicroeconomics. 0aTotal and marginal utility 0aEquilibrium price and quantity aStanley L. Bruce